000 00379nam a2200145Ia 4500
008 230917s9999||||xx |||||||||||||| ||und||
040 _e36669
_aMAIN
041 _aEnglish
082 _a658.8 C855M
100 _aCravens, David W
245 0 _aMarketing decision making: concepts and strategy
260 _aillinois
_bRichard D
_c1976
300 _axviii, 781 p.
942 _cBK
999 _c171309
_d171309